<?xml version="1.0" encoding="UTF-8"?>
<record
    xmlns:xsi="http://www.w3.org/2001/XMLSchema-instance"
    xsi:schemaLocation="http://www.loc.gov/MARC21/slim http://www.loc.gov/standards/marcxml/schema/MARC21slim.xsd"
    xmlns="http://www.loc.gov/MARC21/slim">

  <leader>00557nam a2200181Ia 4500</leader>
  <controlfield tag="005">20260514122855.0</controlfield>
  <controlfield tag="008">260514s9999    xx            000 0 und d</controlfield>
  <datafield tag="020" ind1=" " ind2=" ">
    <subfield code="a">978-81-7304-646-8</subfield>
  </datafield>
  <datafield tag="041" ind1=" " ind2=" ">
    <subfield code="a">eng</subfield>
  </datafield>
  <datafield tag="082" ind1=" " ind2=" ">
    <subfield code="a">954.8 FRI B2296</subfield>
  </datafield>
  <datafield tag="100" ind1=" " ind2=" ">
    <subfield code="a">Fritz John M </subfield>
    <subfield code="9">217701</subfield>
  </datafield>
  <datafield tag="245" ind1=" " ind2=" ">
    <subfield code="a">Vijaynagara Archaeological Exploration 1990-2000 (2 Parts)</subfield>
  </datafield>
  <datafield tag="260" ind1=" " ind2=" ">
    <subfield code="b">Manohar Publishers &amp; Distributors</subfield>
    <subfield code="a">New Delhi</subfield>
  </datafield>
  <datafield tag="300" ind1=" " ind2=" ">
    <subfield code="a">422</subfield>
  </datafield>
  <datafield tag="500" ind1=" " ind2=" ">
    <subfield code="a">HT</subfield>
  </datafield>
  <datafield tag="650" ind1=" " ind2=" ">
    <subfield code="a">Archaeology)&#x2014;India&#x2014;Hampi</subfield>
    <subfield code="9">217747</subfield>
  </datafield>
  <datafield tag="650" ind1=" " ind2=" ">
    <subfield code="a">Vijayanagara (Extinct city)&#x2014;Antiquities</subfield>
    <subfield code="9">217748</subfield>
  </datafield>
  <datafield tag="999" ind1=" " ind2=" ">
    <subfield code="c">370936</subfield>
    <subfield code="d">370936</subfield>
  </datafield>
  <datafield tag="952" ind1=" " ind2=" ">
    <subfield code="0">0</subfield>
    <subfield code="1">0</subfield>
    <subfield code="4">0</subfield>
    <subfield code="7">0</subfield>
    <subfield code="8">HT</subfield>
    <subfield code="a">MNVT</subfield>
    <subfield code="b">MNVT</subfield>
    <subfield code="d">2026-03-27</subfield>
    <subfield code="g">4000.00</subfield>
    <subfield code="i">WORDI/2025/CRB/2631</subfield>
    <subfield code="l">0</subfield>
    <subfield code="o">954.8 FRI B2296</subfield>
    <subfield code="p">MNVT-BK-2296</subfield>
    <subfield code="r">2026-05-14 06:58:55</subfield>
    <subfield code="v">2800.00</subfield>
    <subfield code="w">2026-03-20</subfield>
    <subfield code="y">BK</subfield>
    <subfield code="z">B2296</subfield>
  </datafield>
</record>
